Statystyki dla Korona Kielce, jesień 2019/2020

Kliknij tutaj aby rozwiązać quiz!

Ogólne statystyki

  • Ten quiz został rozwiązany 92 razy
  • Średni wynik to 10 z 30

Statystyki odpowiedzi

PozycjaImię i Nazwisko% Poprawnych
BramkarzMarek Kozioł
68%
BramkarzPaweł Sokół
67%
ObrońcaAdnan Kovacević
66%
PomocnikJakub Żubrowski
66%
PomocnikMarcin Cebula
56%
BramkarzJakub Osobiński
48%
ObrońcaMichał Gardawski
48%
PomocnikMatej Pućko
45%
NapastnikMichał Papadopulos
40%
BramkarzLuka Kukić
39%
NapastnikMichał Żyro
39%
PomocnikOgnjen Gnjatić
38%
PomocnikRodrigo Zalazar
38%
ObrońcaGrzegorz Szymusik
35%
NapastnikUros Djuranović
33%
ObrońcaMateusz Spychała
32%
ObrońcaDaniel Dziwniel
29%
PomocnikOskar Sewerzyński
29%
PomocnikIvan Jukić
27%
PomocnikMilan Radin
26%
ObrońcaPiotr Pierzchała
26%
ObrońcaThemistoklis Tzimopoulos
26%
NapastnikDaniel Szelągowski
22%
ObrońcaŁukasz Kosakiewicz
18%
PomocnikVato Arveladze
17%
PomocnikMateusz Sowiński
12%
PomocnikOktawian Skrzecz
11%
ObrońcaIvan Marquez Alvarez
7%
PomocnikErik Pacinada
2%
ObrońcaŁukasz Bujak
2%

Rozkład punktacji

Percentyl według liczby udzielonych odpowiedzi

Procent ludzi z każdym wynikiem

Twoja historia wyników

Nie rozwiązałeś tego quizu